| 000 | 00422nam a2200133Ia 4500 | ||
|---|---|---|---|
| 008 | 170221s9999 xx 000 0 und d | ||
| 100 | _aSven Grampp | ||
| 245 | 4 | _aThe Art of Science: Making Things Popular with Scientific Journal Covers | |
| 245 | _cSven Grampp | ||
| 260 | _bOnline Journal of Communication and Media Technologies | ||
| 650 | _xCommunication | ||
| 650 | _xMedia Arts | ||
| 856 | _uhttp://www.ojcmt.net/ | ||
| 999 |
_c312823 _d312823 |
||